Normal view
MARC view
- Liaqat, Sana
Entry Personal Name
001 - CONTROL NUMBER
- control field: 126332
003 - CONTROL NUMBER IDENTIFIER
- control field: NUST
005 - DATE AND TIME OF LATEST TRANSACTION
- control field: 20241009094522.0
008 - FIXED-LENGTH DATA ELEMENTS
- fixed length control field: 241009|| aca||aabn | a|a d
040 ## - CATALOGING SOURCE
- Original cataloging agency: NUST
- Transcribing agency: NUST
100 ## - HEADING--PERSONAL NAME
- Personal name: Liaqat, Sana
670 ## - SOURCE DATA FOUND
- Source citation: Work cat.: (NUST): Liaqat, Sana, Developing A Digital Marketing Strategy to Promote A Restaurant And Fast Food Business (KPS) in Barnala (District Bhimber Ajk)/
